Krainy Geograficzne - Europa - Statystyki

Ogólne statystyki
  • Ten quiz został rozwiązany 16 razy
  • Średni wynik to 7 z 36
Odpowiedzi na mapie
Odpowiedzi zakodowano w zielono-czerwonej skali na mapie do tego quizu, zgodnie z poniższymi procentami.
 
Statystyki odpowiedzi
Odpowiedź % Poprawnych
Morze Bałtyckie
62%
Cieśnina Gibraltarska
46%
Morze Północne
46%
Morze Czarne
38%
Morze Śródziemne
38%
Zatoka Biskajska
38%
Nizina Polska
31%
Morze Białe
23%
Nizina Niemiecka
23%
Pojezierze Fińskie
23%
Półwysep Kolski
23%
Półwysep Skandynawski
23%
Wyspa Islandia
23%
Góry Pireneje
15%
Góry Ural
15%
Morze Tyrreńskie
15%
Nizina Francuska
15%
Pólwysep Apeniński
15%
Półwysep Bałkański
15%
Półwysep Iberyjski
15%
Wyspa Irlandia
15%
Wyspa Sardynia
15%
Wyspa Wielka Brytania
15%
Zatoka Botnicka
15%
Góry Alpy
8%
Góry Betyckie
8%
Góry Karpaty
8%
Morze Adriatyczne
8%
Morze Jońskie
8%
Nizina Wschodnioeuropejska
8%
Morze Barensa
0%
Nizina Nadkaspijska
0%
Nizina Wielka Nizina Węgierska
0%
Wyżyna Nadwołżańska
0%
Wyżyna Podolska
0%
Wyżyna Środkoworosyjska
0%
Nie znaleziono quizów pasujących do podanych kryteriów
Rozkład punktacji
Procent ludzi z każdym wynikiem
Percentyl według liczby udzielonych odpowiedzi
Twoja historia wyników
Nie rozwiązałeś tego quizu